000 00505nam a2200169Ia 4500
008 190509s9999 xx 000 0 und d
100 _aGoldynia, Kirsi
245 _aSupplemental science: how to eat your hat/
245 _cKirsi Goldynia
260 _bSussex Publisher
260 _c2018
300 _aPages 33-34, November/December 2018
440 _aPsychology Today: 7 amazing things your mind can do
_v1/2/1900 3:06:00 AM
650 _abrain damage
650 _aHealth
650 _aQuercetin
999 _c361795
_d361795